000 00505nam a2200205Ia 4500
003 OSt
005 20230208092204.0
008 210210b1972 xxu||||| |||| 00| 0 eng d
040 _cAL
041 _aEnglish
082 _a796.355 SANH
100 _aSANYAL (Saradindu).
_971159
245 _aHockey in India.
260 _aNew Delhi.
_bNational Book Trust
_c1972
300 _a59
650 _aHockey India
_971160
690 _aAthletic & Outdoor Sports
_971161
906 _a032817
942 _2ddc
_cBK
999 _c84169
_d84169